| 000 | 00507nam a2200181 4500 | ||
|---|---|---|---|
| 999 |
_c168915 _d168915 |
||
| 005 | 20191031143754.0 | ||
| 010 | _aENG-126761 | ||
| 020 |
_a9789388304054 _c175.00 |
||
| 035 | _aEN-110293 | ||
| 037 | _bDBAD/PUB | ||
| 082 | _aN | ||
| 100 | _aShafi, Rukhsar | ||
| 245 |
_aThe luminous personage / _cby Rukhsar Shafi |
||
| 260 |
_aNoida _bMaple Press _c2018 |
||
| 270 |
_aA-63, Sector 58 _bNoida _e201301 _k911204553581 _minfo@maplepress.co.in |
||
| 300 |
_axi;247p. _c21cm(pbk) |
||
| 942 |
_2ddc _cEN _hN _mSHA |
||